000 00590aab a2200193 4500
001 768714001
003 CO-MdFUSB
005 20240628154732.0
008 170602s2002 cr ||||| |||| 00| 0 spa d
022 _a1409-1968
040 _aCO-MdFUSB
_bspa
_cCO-MdFUSB
_dCO-MdFUSB
041 _aspa
100 1 _aLeys, lucas
_eautor
245 1 0 _a¡Buscamos un ministerio juvenil eficaz!
300 _aVolumen 20. Número 1 (2002), paginas 30-34
_c27 cm.
773 0 _tApuntes Pastorales
_049442
_960155
_gVolumen 20. Número 1 (2002), paginas 30-34
_qPágina 30
942 _cANA
945 _aJTF-925
999 _c60606
_d60606